000 00624nam a2200229Ia 4500
005 20260429111855.0
008 260429s9999||||xx |||||||||||||| ||und||
020 _a9781446249260
041 _aEnglish
082 _a306.48
_bBAR
100 _aBarron, Lee
245 0 _aCelebrity cultures :
_ban introduction /
_cLee Barron
260 _aLondon :
_bSage Publications Ltd,
_c2015.
300 _aviii, 208 p.; hb
650 _a Cultural studies
650 _a Fame
650 _a Media studies
650 _a Popular culture
650 _a Social media and celebrity
650 _aCelebrity culture
942 _cTB
999 _c51229
_d51229